Verkehrszeichen einfach #1 - Statistiken

Allgemein
  • Dieses Quiz wurde 184 mal gespielt
  • Das Durchschnittsergebnis liegt bei 10 aus 16
Antwortstatistiken
Bildquiz Antwort % Korrekt
Einbahnstraße
95%
Autobahn
93%
Tunnel
93%
Kreisverkehr
91%
Sackgasse
88%
Stoppschild
81%
Fahrradzone
79%
Autobahn ende
73%
Parken
69%
Fußgängerüberweg
64%
Bahnübergang
59%
Vorfahrtstraße
53%
Taxenstand
36%
Ende der Vorfahrtstraße
20%
Kurve (rechts)
15%
Gefahrstelle
6%
Keine übereinstimmenden Quizze gefunden
Verteilung der Resultate
Anzahl Personen mit jedem Resultat
Perzentil nach korrekt beantworteten Fragen
Ihre Resultats-Entwicklung
Sie haben dieses Quiz noch nicht gespielt